Bill Wurtz Songs - Statistics

General Stats
  • This quiz has been taken 89 times
    65 since last reset
  • The average score is 11 of 31
Answer Stats
YouTube Views Answer % Correct
13M might quit
78%
8.1M Mount St. Helens is about to Blow Up
61%
9M here comes the sun
59%
3.7M i'm a princess
59%
3M at the airport terminal
51%
4.5M got some money
45%
8.9M i just did a bad thing
43%
13M La de da de da de da de day oh
43%
7.6M and the day goes on
41%
980K at the corner store
41%
3.2M long long long journey
41%
583K i like to wear soft clothing (cause it makes me feel like i'm rough in comparison)
37%
1M fly around
33%
3M i'm Best Friends with my Own Front Door
31%
2M i'm scared
31%
1.9M more than a dream
31%
2.2M christmas isn't real
29%
1M 9 8 7
27%
3.3M hello sexy pants
27%
652K the ground plane
27%
6.2M outside
24%
3.8M the Moon is made of Cheese
24%
523K meet me in september
22%
2.3M Slow Down
22%
897K the ending
22%
2.6M When I Get Older
22%
844K if the world doesn't end
20%
1.1M i'm a huge gamer most of the time
20%
1.9M hallelujah
18%
7.6M alphabet shuffle
16%
4M i wanna be a movie star
12%
No matching quizzes found
Score Distribution
Percent of People with Each Score
Percentile by Number Answered
Your Score History
You have not taken this quiz since the last reset